| 000 | 00583nam a2200181 i 4500 | ||
|---|---|---|---|
| 001 | 29595 | ||
| 003 | ES-MaACL | ||
| 005 | 20230907181650.0 | ||
| 007 | t| | ||
| 008 | 030122s1903 sp ||||1| spa d | ||
| 100 | 1 |
_aBarcia y Trelles, Juan, _d1887-1953 _925549 |
|
| 245 | 1 | 4 |
_aLos abonos potásicos en el cultivo de la remolacha azucarera / _cJuan Barcía y Trelles. |
| 260 |
_aMadrid : _b[s.n., _c1903] ( _fImp. Arte y Letras) |
||
| 650 | 4 |
_aRemolacha azucarera. _9136823 |
|
| 650 | 4 |
_aFertilizantes potásicos. _9161229 |
|
| 852 |
_aES-MaACL _jT-1052-F-8 |
||
| 999 |
_c29595 _d29595 |
||